| 000 | 00657nam a22001817a 4500 | ||
|---|---|---|---|
| 005 | 20251108165156.0 | ||
| 008 | 250721s1992 xx 000 0 ara d | ||
| 082 | 1 | 4 | _a368/تأم |
| 100 | 1 | _aشاكر، علي أحمد | |
| 245 | 1 | 0 | _aالتأمينات التجارية و الإجتماعية / |
| 264 | 1 |
_aالقاهرة : _bجامعة القاهرة - التعليم المفتوح، _c1992. |
|
| 300 | _a244ص | ||
| 490 | 0 | _aدراسات بكالوريوس التجارة في المعاملات المالية والتجارية | |
| 650 | 1 | 7 | _aالتأمين |
| 650 | 1 | 7 | _aالتأمين الإجتماعي |
| 942 |
_2ddc _cBK |
||
| 999 |
_c21334 _d21334 |
||